General Culture- 4- Politics - Statistics

General Stats
  • This quiz has been taken 86 times
  • The average score is 6 of 15
Answer Stats
Question Answer % Correct
France
93%
How many of the six founding members of the European Union can you name? Belgium
85%
Italy
82%
Netherlands
76%
Luxembourg
65%
Who is Donald Trump's vice president? Mike Pence
59%
America's Republican Party is commonly referred to as the GOP - what does the GOP stand for? Grand Old Party
38%
In which year did Britain originally join the EEC, now known as the European Union? 1973
36%
West Germany
27%
How long does Prime Minister’s Questions last? 30 minutes
24%
What is the name given to the group of people who make sure Members of Parliament attend important votes? Whips
20%
How many Members of Parliament are there? 650
14%
Who was the only British Prime Minister to be assassinated? Spencer Perceval - May 1812
9%
What is the middle name of Angela Merkel? Dorothea
5%
On what subject was the first referendum in Britain? Remaining in the EEC (1975)
5%
No matching quizzes found
Score Distribution
Percent of People with Each Score
Percentile by Number Answered
Your Score History
You have not taken this quiz